1,000 World Cities furthest from Larger City by Semi-Proximity - Statistics

General Stats
  • This quiz has been taken 4,710 times
  • The average score is 788 of 1000
Answers on the Map
Answers color-coded by a green-red scale on the quiz's map according to % correct below.
 
Answer Stats
# Lat Lon Pop (k) Country D (km) City % Correct
25 41.11 16.86 277 Italy 221 Bari
97%
28 44.82 20.47 1,400 Serbia 316 Belgrade
97%
24 67.28 14.41 34 Norway 323 Bodo
97%
30 44.43 26.1 2,200 Romania 439 Bucharest
97%
37 47.5 19.08 2,575 Hungary 690 Budapest
97%
21 39.23 9.12 149 Italy 283 Cagliari
97%
33 46.77 23.6 316 Romania 307 Cluj-Napoca
97%
25 32.82 -96.84 6,550 United States 1,282 Dallas
97%
30 49.78 -92.75 8 Canada 251 Dryden
97%
30 46.88 -96.79 105 United States 335 Fargo
97%
21 23.52 -75.79 7 Bahamas 232 George Town
97%
30 32.3 -90.18 173 United States 224 Jackson
97%
21 39.11 -94.6 1,920 United States 382 Kansas City
97%
27 35.12 -90 1,150 United States 314 Memphis
97%
25 25.79 -80.22 6,100 United States 1,484 Miami
97%
23 44.98 -93.25 3,050 United States 566 Minneapolis
97%
30 53.9 27.57 1,960 Belarus 435 Minsk
97%
26 40.84 14.25 4,250 Italy 657 Naples
97%
19 25.06 -77.34 227 Bahamas 297 Nassau
97%
28 30 -90.04 1,010 United States 512 New Orleans
97%
25 35.47 -97.52 1,090 United States 300 Oklahoma City
97%
28 38.13 13.34 648 Italy 310 Palermo
97%
31 56.95 24.11 742 Latvia 362 Riga
97%
34 32.53 -93.75 199 United States 274 Shreveport
97%
20 43.55 -96.7 153 United States 262 Sioux Falls
97%
34 42.68 23.32 1,330 Bulgaria 297 Sofia
97%
23 37.22 -93.3 159 United States 230 Springfield
97%
23 27.95 -82.46 4,025 United States 326 Tampa
97%
26 35.4 8.12 634 Algeria 231 Tebessa
97%
25 36.8 10.18 2,500 Tunisia 570 Tunis
97%
16 62.47 6.15 44 Norway 235 Alesund
96%
20 36.76 3.05 3,675 Algeria 518 Algiers
96%
35 40.4 49.86 2,450 Azerbaijan 541 Baku
96%
25 52.52 13.4 4,500 Germany 450 Berlin
96%
28 51.13 133.01 14 Russia 259 Chegdomyn
96%
13 48.95 -57.95 18 Canada 341 Corner Brook
96%
19 19.29 -81.37 29 United Kingdom 313 George Town
96%
23 53.55 10 2,750 Germany 255 Hamburg
96%
22 45.75 126.65 5,150 China 508 Harbin
96%
21 23.13 -82.36 2,225 Cuba 365 Havana
96%
25 60.18 24.93 1,230 Finland 300 Helsinki
96%
28 41.1 29.01 14,300 Turkey 1,243 Istanbul
96%
14 38.72 -9.14 2,600 Portugal 504 Lisbon
96%
20 51.5 -0.12 14,400 United Kingdom 2,508 London
96%
12 33.99 -118.18 17,600 United States 2,479 Los Angeles
96%
23 33.58 -101.86 229 United States 433 Lubbock
96%
34 49.84 24.02 717 Ukraine 294 Lviv
96%
33 55.75 37.62 16,900 Russia 4,177 Moscow
96%
20 40.75 -73.98 22,000 United States 3,360 New York
96%
19 41.26 -95.94 408 United States 264 Omaha
96%
30 50.08 14.47 1,470 Czech Republic 251 Prague
96%
31 31.13 97.18 86 China 440 Qamdo
96%
28 44.08 -103.23 67 United States 417 Rapid City
96%
21 32.38 -64.68 1 United Kingdom 1,083 Saint George's
96%
8 47.56 -52.71 99 Canada 591 Saint John's
96%
11 46.78 -56.18 6 France 238 Saint-Pierre
96%
22 29.49 -98.51 2,050 United States 308 San Antonio
96%
34 44.59 33.52 379 Ukraine 289 Sevastopol
96%
18 31.22 121.44 30,900 China 1,201 Shanghai
96%
27 59.35 18.1 2,075 Sweden 691 Stockholm
96%
16 62.01 -6.77 13 Denmark 366 Torshavn
96%
22 32.89 13.18 1,110 Libya 513 Tripoli
96%
19 63.43 10.4 147 Norway 392 Trondheim
96%
24 63.83 20.26 74 Sweden 272 Umea
96%
21 38.9 -77.01 8,350 United States 330 Washington
96%
36 40.18 44.51 1,480 Armenia 279 Yerevan
96%
29 45.81 15.98 800 Croatia 266 Zagreb
96%
32 43.65 51.17 147 Kazakhstan 306 Aktau
95%
14 65.68 -18.09 17 Iceland 249 Akureyri
95%
21 35.08 -106.65 545 United States 366 Albuquerque
95%
28 39.93 32.86 4,675 Turkey 351 Ankara
95%
30 37.98 23.73 3,425 Greece 570 Athens
95%
14 12.97 77.56 10,500 India 837 Bangalore
95%
13 14.04 -83.39 33 Nicaragua 227 Bilwi
95%
29 33.52 -86.8 212 United States 225 Birmingham
95%
11 -34.6 -58.4 15,800 Argentina 1,674 Buenos Aires
95%
32 30.05 31.25 16,800 Egypt 2,899 Cairo
95%
15 51.08 -114.08 1,420 Canada 675 Calgary
95%
23 21.38 -77.92 347 Cuba 264 Camaguey
95%
22 33.6 -7.62 4,175 Morocco 831 Casablanca
95%
27 30.67 104.07 9,600 China 1,240 Chengdu
95%
16 13.09 80.28 10,000 India 295 Chennai
95%
24 55.68 12.56 1,610 Denmark 289 Copenhagen
95%
28 38.92 121.63 4,500 China 334 Dalian
95%
23 39.74 -104.98 3,525 United States 934 Denver
95%
19 42.33 -83.08 5,700 United States 334 Detroit
95%
35 39.91 41.28 420 Turkey 239 Erzurum
95%
19 55.87 -4.25 1,620 United Kingdom 284 Glasgow
95%
18 26.58 106.72 2,875 China 331 Guiyang
95%
23 47.35 130.3 743 China 331 Hegang
95%
26 34.35 62.2 272 Afghanistan 320 Herat
95%
24 29.82 -95.34 6,200 United States 361 Houston
95%
16 -23.9 -61.85 10 Argentina 241 Ingeniero Guillermo N. Juarez
95%
20 24.34 124.16 44 Japan 247 Ishigaki
95%
21 22.63 120.27 2,800 Taiwan 297 Kaohsiung
95%
23 50.55 137.01 275 Russia 268 Komsomolsk-on-Amur
95%
33 45.04 38.98 649 Russia 249 Krasnodar
95%
16 40.4 -3.68 6,250 Spain 1,054 Madrid
95%
35 42.98 47.5 497 Russia 262 Makhachkala
95%
14 12.15 -86.27 1,340 Nicaragua 342 Managua
95%
24 -3.1 -60 2,075 Brazil 1,294 Manaus
95%
26 -5.81 -61.3 14 Brazil 268 Manicore
95%
17 19.44 -99.13 22,100 Mexico 11,319 Mexico City
95%
18 25.67 -100.33 4,650 Mexico 633 Monterrey
95%
25 23.61 58.59 1,180 Oman 380 Muscat
95%
17 26.21 127.67 1,190 Japan 626 Naha
95%
16 32.05 118.78 6,850 China 239 Nanjing
95%
36 46.49 30.71 1,110 Ukraine 391 Odessa
95%
22 59.92 10.75 1,140 Norway 419 Oslo
95%
16 48.87 2.33 11,200 France 341 Paris
95%
31 -15.23 -59.34 29 Brazil 232 Pontes e Lacerda
95%
18 36.09 120.33 5,700 China 436 Qingdao
95%
8 64.14 -21.9 118 Iceland 1,325 Reykjavik
95%
20 33.39 -104.52 48 United States 242 Roswell
95%
12 9.94 -84.08 1,840 Costa Rica 871 San José
95%
27 -17.75 -63.23 1,860 Bolivia 542 Santa Cruz
95%
18 46.52 -84.33 74 Canada 256 Sault Ste. Marie
95%
14 47.57 -122.34 4,075 United States 1,092 Seattle
95%
28 41.8 123.45 7,650 China 560 Shenyang
95%
36 45.04 41.97 363 Russia 236 Stavropol'
95%
10 46.14 -60.18 105 Canada 312 Sydney
95%
34 38.09 46.3 1,620 Iran 400 Tabriz
95%
25 30.44 -84.28 181 United States 234 Tallahassee
95%
23 22.67 -3.98 3 Mali 420 Taoudenni
95%
21 -21.54 -64.73 159 Bolivia 282 Tarija
95%
36 41.31 69.29 2,650 Uzbekistan 754 Tashkent
95%
15 35.69 139.75 39,500 Japan 2,903 Tokyo
95%
19 43.7 -79.42 7,100 Canada 541 Toronto
95%
20 69.65 18.96 52 Norway 561 Tromso
95%
31 43.81 87.58 3,625 China 1,692 Ürümqi
95%
27 43.32 76.92 1,770 Kazakhstan 666 Almaty
94%
23 41.38 2.18 4,650 Spain 506 Barcelona
94%
26 46.68 113.28 15 Mongolia 316 Baruun-Urt
94%
24 39.93 116.39 21,100 China 958 Beijing
94%
19 60.39 5.32 213 Norway 305 Bergen
94%
29 46.81 -100.78 61 United States 304 Bismarck
94%
27 50.28 127.54 221 Russia 234 Blagoveshchensk
94%
24 4.6 -74.08 9,350 Colombia 1,869 Bogotá
94%
23 3.4 -76.5 2,925 Colombia 299 Cali
94%
17 -32.12 133.68 1 Australia 336 Ceduna
94%
21 43.87 125.34 3,700 China 233 Changchun
94%
28 -4.09 -63.14 50 Brazil 293 Coari
94%
20 -29.01 134.75 1 Australia 268 Coober Pedy
94%
25 -19.01 -57.65 96 Brazil 352 Corumba
94%
16 28.67 77.23 26,400 India 3,654 Delhi
94%
25 23.72 90.41 17,600 Bangladesh 1,425 Dhaka
94%
29 37.92 40.22 644 Turkey 267 Diyarbakir
94%
28 48 37.83 1,470 Ukraine 250 Donetsk
94%
25 25.23 55.28 3,925 United Arab Emirates 855 Dubai
94%
18 -22.35 -60.03 8 Paraguay 233 Filadelfia
94%
23 57.71 11.97 504 Sweden 228 Gothenburg
94%
22 21.03 105.85 2,950 Vietnam 322 Hanoi
94%
31 26.48 8.47 6 Algeria 240 Illizi
94%
25 27.2 60.68 131 Iran 254 Iranshahr
94%
21 34.52 69.18 3,725 Afghanistan 370 Kabul
94%
27 27.72 85.32 2,775 Nepal 446 Kathmandu
94%
34 50 36.25 1,650 Ukraine 411 Kharkiv
94%
29 15.59 32.53 5,550 Sudan 1,606 Khartoum
94%
22 22.49 88.32 16,000 India 253 Kolkata
94%
27 5.97 116.07 457 Malaysia 671 Kota Kinabalu
94%
24 14.6 120.98 23,300 Philippines 1,242 Manila
94%
29 37.59 61.83 114 Turkmenistan 224 Mary
94%
25 45.47 9.21 5,150 Italy 643 Milan
94%
26 53.73 119.77 12 Russia 289 Mogocha
94%
17 19.02 72.86 23,200 India 887 Mumbai
94%
22 67.64 53 18 Russia 270 Nar'yan-Mar
94%
16 28.37 129.48 41 Japan 247 Naze
94%
15 -17.78 15.68 33 Namibia 394 Oshakati
94%
18 -0.89 119.87 282 Indonesia 306 Palu
94%
29 33.6 73.04 3,850 Pakistan 242 Rawalpindi
94%
7 -8.08 -34.92 3,775 Brazil 1,630 Recife
94%
19 -27.46 -58.98 387 Argentina 274 Resistencia
94%
17 -22.93 -43.23 12,700 Brazil 354 Rio de Janeiro
94%
32 41.29 36.33 394 Turkey 292 Samsun
94%
24 5.84 118.12 392 Malaysia 226 Sandakan
94%
15 18.44 -66.13 2,150 United States 398 San Juan
94%
35 51.58 46.03 1,090 Russia 333 Saratov
94%
32 41.76 86.15 179 China 255 Sayibage
94%
31 44.88 110.12 19 Mongolia 417 Saynshand
94%
15 37.41 -5.98 1,320 Spain 313 Seville
94%
31 -11.86 -55.5 116 Brazil 417 Sinop
94%
15 25.04 121.57 9,050 Taiwan 358 Taipei
94%
29 35.67 51.42 13,700 Iran 1,913 Tehran
94%
20 53.83 -101.25 6 Canada 301 The Pas
94%
22 55.74 -97.86 12 Canada 585 Thompson
94%
35 49.63 63.5 5 Kazakhstan 230 Torghay
94%
20 36.85 -75.98 1,610 United States 244 Virginia Beach
94%
31 52.25 21 2,275 Poland 260 Warsaw
94%
17 28.02 120.65 5,900 China 251 Wenzhou
94%
20 24.45 118.08 10,000 China 505 Xiamen
94%
28 38.47 106.27 1,530 China 346 Yinchuan
94%
25 29.5 60.86 551 Iran 375 Zahedan
94%
24 53.74 127.26 26 Russia 227 Zeya
94%
21 32.45 -99.73 117 United States 228 Abilene
93%
25 21.84 17.43 1 Chad 446 Aozou
93%
25 -9.17 -60.63 26 Brazil 238 Aripuana
93%
21 15.34 38.93 563 Eritrea 436 Asmara
93%
18 -7.53 -46.04 68 Brazil 242 Balsas
93%
27 27.19 56.28 352 Iran 222 Bandar 'Abbas
93%
18 45.78 -108.5 104 United States 593 Billings
93%
24 -20.15 28.58 699 Zimbabwe 365 Bulawayo
93%
18 31.69 -106.49 1,440 Mexico 562 Ciudad Juárez
93%
22 -17.41 -66.17 1,200 Bolivia 233 Cochabamba
93%
9 11 76.95 2,450 India 227 Coimbatore
93%
18 8.43 -82.43 82 Panama 246 David
93%
28 13.18 30.22 393 Sudan 361 El Obeid
93%
21 27.94 109.6 370 China 237 Fenghuang
93%
29 54.35 18.65 461 Poland 244 Gdansk
93%
19 -19.57 18.12 24 Namibia 250 Grootfontein
93%
24 23.14 113.33 47,700 China --- Guangzhou
93%
20 14.62 -90.53 3,000 Guatemala 1,059 Guatemala City
93%
21 10.78 106.7 8,250 Vietnam 748 Ho Chi Minh City
93%
19 -5.53 -47.49 218 Brazil 463 Imperatriz
93%
33 27.19 2.46 49 Algeria 317 In Salah
93%
21 32.7 51.7 2,750 Iran 330 Isfahan
93%
29 38.44 27.15 2,950 Turkey 303 Izmir
93%
23 -10.89 -61.95 107 Brazil 317 Ji Parana
93%
26 34.38 47.06 766 Iran 271 Kahriz
93%
23 -8.74 24.99 73 Democratic Republic of the Congo 224 Kamina
93%
28 15.45 36.4 401 Sudan 272 Kassala
93%
32 30.28 57.08 577 Iran 441 Kerman
93%
23 18.3 42.73 387 Saudi Arabia 361 Khamis Mushait
93%
10 -29.05 167.97 - Australia 709 Kingston
93%
33 13.16 32.66 345 Sudan 264 Kosti
93%
28 29.37 47.98 4,150 Kuwait 537 Kuwait City
93%
27 36.06 103.79 2,850 China 505 Lanzhou
93%
22 -17.84 25.85 109 Zambia 373 Livingstone
93%
24 -10.71 22.22 18 Angola 231 Luau
93%
24 -11.68 27.48 1,870 Democratic Republic of the Congo 422 Lubumbashi
93%
23 43.29 5.38 1,640 France 269 Marseille
93%
30 36.27 59.57 3,075 Iran 737 Mashhad
93%
16 -19.98 23.42 49 Botswana 349 Maun
93%
15 -20.73 139.5 22 Australia 665 Mount Isa
93%
27 36.17 -86.78 1,360 United States 338 Nashville
93%
9 -22.28 166.46 93 France 1,457 Noumea
93%
33 51.23 51.37 200 Kazakhstan 233 Oral
93%
18 -10.17 -48.33 196 Brazil 521 Palmas
93%
17 8.97 -79.53 1,460 Panama 511 Panama City
93%
23 -8.76 -63.9 306 Brazil 759 Porto Velho
93%
20 -27.37 -55.9 312 Argentina 242 Posadas
93%
13 -0.74 -90.31 8 Ecuador 1,054 Puerto Ayora
93%
27 24.64 46.77 6,700 Saudi Arabia 991 Riyadh
93%
21 -17.93 19.77 58 Namibia 583 Rundu
93%
25 27.04 14.43 130 Libya 595 Sabha
93%
10 51.23 -58.65 3 Canada 245 Saint-Augustin
93%
22 38.64 -90.24 2,350 United States 413 Saint Louis
93%
25 17.02 54.09 163 Oman 598 Salalah
93%
18 -23.56 -46.63 21,800 Brazil 7,423 São Paulo
93%
17 -18.37 21.84 5 Botswana 224 Shakawe
93%
26 26.71 88.43 515 India 259 Shiliguri
93%
15 47.66 -117.43 208 United States 368 Spokane
93%
25 28.4 36.57 455 Saudi Arabia 395 Tabuk
93%
20 51.53 7.04 5,600 Germany 447 The Ruhr
93%
19 25.57 -103.42 1,300 Mexico 310 Torreón
93%
23 -19.27 146.81 196 Australia 1,087 Townsville
93%
19 15.24 104.85 122 Thailand 233 Ubon Ratchathani
93%
23 17.42 102.79 247 Thailand 462 Udon Thani
93%
27 -12.74 -60.15 63 Brazil 284 Vilhena
93%
37 48.71 44.5 1,410 Russia 500 Volgograd
93%
30 67.5 64.05 80 Russia 574 Vorkuta
93%
34 51.73 39.27 1,040 Russia 286 Voronezh
93%
25 49.88 -97.15 632 Canada 619 Winnipeg
93%
22 34.28 108.89 6,650 China 565 Xi'an
93%
31 57.63 39.87 606 Russia 250 Yaroslavl
93%
29 22.35 31.62 5 Egypt 233 Abu Sunbul
92%
14 -23.7 133.88 25 Australia 1,284 Alice Springs
92%
18 18.9 -3.53 4 Mali 242 Araouane
92%
36 30.98 41.04 148 Saudi Arabia 332 'Ar'ar
92%
24 20.46 45.58 24 Saudi Arabia 314 As Sulayyil
92%
32 46.35 48.04 502 Russia 374 Astrakhan'
92%
31 47.12 51.88 180 Kazakhstan 305 Atyrau
92%
14 5.56 95.32 250 Indonesia 429 Banda Aceh
92%
18 13.75 100.52 16,900 Thailand 1,533 Bangkok
92%
20 10.13 -64.7 424 Venezuela 241 Barcelona
92%
23 -0.97 -62.92 7 Brazil 329 Barcelos
92%
18 13.1 103.2 150 Cambodia 238 Battambang
92%
29 32.87 59.22 196 Iran 321 Birjand
92%
23 -15.78 -47.92 3,825 Brazil 623 Brasília
92%
19 -16.92 145.77 153 Australia 281 Cairns
92%
11 6.93 79.86 4,675 Sri Lanka 682 Colombo
92%
18 -31.39 -58.02 145 Argentina 240 Concordia
92%
28 -15.6 -56.1 521 Brazil 557 Cuiaba
92%
27 26.43 50.1 2,375 Saudi Arabia 387 Dammam
92%
16 53.33 -6.25 1,330 Ireland 221 Dublin
92%
31 38.54 68.78 679 Tajikistan 305 Dushanbe
92%
20 27.16 -13.2 196 Morocco 241 El Aaiún
92%
26 13.63 25.35 252 Sudan 254 El Fasher
92%
29 17.18 21.59 23 Chad 379 Fada
92%
32 30.13 9.5 7 Libya 238 Ghadamis
92%
8 0.54 123.06 144 Indonesia 224 Gorontalo
92%
17 55.17 -118.8 41 Canada 291 Grande Prairie
92%
29 42.83 93.51 137 China 354 Hami
92%
9 53.32 -60.33 7 Canada 442 Happy Valley-Goose Bay
92%
21 19.96 56.28 1 Oman 297 Hayma'
92%
36 39.81 98.29 122 China 367 Jiayuguan
92%
28 -10.21 31.18 91 Zambia 288 Kasama
92%
31 50.26 19.02 2,375 Poland 307 Katowice
92%
21 48.48 135.08 579 Russia 359 Khabarovsk
92%
15 18 -76.79 937 Jamaica 475 Kingston
92%
30 37.88 32.48 1,210 Turkey 230 Konya
92%
10 24.14 -110.31 171 Mexico 225 La Paz
92%
18 28.1 -15.41 381 Spain 619 Las Palmas de Gran Canaria
92%
16 -12.05 -77.05 9,950 Peru 3,130 Lima
92%
30 25.7 32.64 422 Egypt 473 Luxor
92%
20 45.77 4.83 1,930 France 342 Lyon
92%
20 -25.96 32.59 2,200 Mozambique 456 Maputo
92%
14 -20.29 44.32 36 Madagascar 282 Morondava
92%
19 -15.12 39.27 388 Mozambique 462 Nampula
92%
19 22.82 108.32 3,200 China 514 Nanning
92%
27 56.67 124.64 66 Russia 664 Neryungri
92%
25 62.14 65.39 52 Russia 229 Nyagan
92%
33 51.77 55.1 550 Russia 335 Orenburg
92%
17 34.75 135.46 17,800 Japan 404 Osaka
92%
23 54.87 69.14 200 Kazakhstan 251 Petropavlov
92%
24 11.67 92.75 112 India 604 Port Blair
92%
18 -30.05 -51.2 4,075 Brazil 844 Porto Alegre
92%
21 -24.79 -65.41 512 Argentina 226 Salta
92%
30 53.2 50.15 1,320 Russia 527 Samara
92%
21 15.5 -88.03 1,110 Honduras 234 San Pedro Sula
92%
27 -2.44 -54.71 189 Brazil 489 Santarem
92%
18 20.02 -75.82 555 Cuba 245 Santiago de Cuba
92%
13 9.14 99.33 127 Thailand 267 Surat Thani
92%
7 -33.92 151.19 4,900 Australia 5,380 Sydney
92%
28 22.79 5.52 73 Algeria 689 Tamanrasset
92%
13 -5.1 -42.78 1,010 Brazil 329 Teresina
92%
22 48.38 -89.25 99 Canada 439 Thunder Bay
92%
17 48.47 -81.33 42 Canada 221 Timmins
92%
12 -23.35 43.67 115 Madagascar 409 Toliara
92%
19 57.15 65.53 519 Russia 300 Tyumen
92%
24 54.79 56.04 1,120 Russia 348 Ufa
92%
29 47.92 106.92 1,300 Mongolia 839 Ulaanbaatar
92%
23 60.13 64.79 39 Russia 226 Uray
92%
20 16.78 96.17 5,150 Myanmar 575 Yangon
92%
21 23.03 72.58 7,450 India 445 Ahmedabad
91%
34 24.2 23.29 46 Libya 746 Al Jawf
91%
19 -16.4 -71.54 841 Peru 361 Arequipa
91%
22 33.83 -84.4 5,500 United States 869 Atlanta
91%
25 33.34 44.39 6,850 Iraq 695 Baghdad
91%
28 40.65 109.82 2,150 China 387 Baotou
91%
20 11.28 49.18 74 Somalia 360 Bosaso
91%
32 2.19 22.47 95 Democratic Republic of the Congo 322 Bumba
91%
16 41.83 -87.75 9,800 United States 1,158 Chicago
91%
21 29.56 106.59 7,050 China 272 Chongqing
91%
16 39.16 -84.46 2,725 United States 347 Cincinnati
91%
30 17.93 19.1 13 Chad 276 Faya-Largeau
91%
26 24.96 10.17 24 Libya 317 Ghat
91%
21 39.06 -108.55 58 United States 296 Grand Junction
91%
18 46.49 -80.99 157 Canada 254 Greater Sudbury
91%
30 26.16 91.77 1,060 India 302 Guwahati
91%
16 29.1 -110.98 595 Mexico 479 Hermosillo
91%
25 -12.78 15.74 226 Angola 395 Huambo
91%
21 -3.75 -73.25 437 Peru 702 Iquitos
91%
26 -4.28 -55.98 64 Brazil 247 Itaituba
91%
9 -6.17 106.83 28,100 Indonesia 3,319 Jakarta
91%
28 -17.88 -51.71 76 Brazil 266 Jatai
91%
21 26.29 73.02 1,320 India 286 Jodhpur
91%
10 -7.21 -39.32 225 Brazil 379 Juazeiro do Norte
91%
33 50.43 30.52 3,375 Ukraine 758 Kiev
91%
25 31.56 74.35 10,200 Pakistan 423 Lahore
91%
20 -16.5 -68.15 1,890 Bolivia 1,078 La Paz
91%
30 34.17 77.58 37 India 229 Leh
91%
27 -11.78 19.92 21 Angola 240 Luena
91%
30 -15.42 28.28 2,275 Zambia 396 Lusaka
91%
29 45.76 106.27 15 Mongolia 222 Mandalgovi
91%
32 14.12 15.31 18 Chad 223 Mao
91%
29 -8.9 33.45 291 Tanzania 561 Mbeya
91%
30 24.5 39.58 1,340 Saudi Arabia 332 Medina
91%
23 1.2 -70.17 5 Colombia 314 Mitu
91%
30 -11.47 34.02 175 Malawi 277 Mzuzu
91%
19 19.75 96.13 925 Myanmar 246 Naypyidaw
91%
30 56.33 44 1,760 Russia 402 Nizhny Novgorod
91%
20 17.07 -96.72 262 Mexico 241 Oaxaca
91%
11 -9.4 -40.5 194 Brazil 274 Petrolina
91%
15 33.54 -112.07 4,325 United States 568 Phoenix
91%
11 -7.08 -41.47 57 Brazil 227 Picos
91%
26 9.14 18.39 102 Chad 261 Sagh
91%
13 37.74 -122.46 7,600 United States 567 San Francisco
91%
20 -29.68 -53.81 249 Brazil 251 Santa Maria
91%
11 -33.45 -70.67 7,050 Chile 1,139 Santiago
91%
21 -6.64 -52 16 Brazil 339 Sao Felix do Xingu
91%
24 -9.66 20.39 40 Angola 361 Saurimo
91%
18 37.57 127 24,400 South Korea 870 Seoul
91%
18 22.28 -97.87 309 Mexico 255 Tampico
91%
20 16.75 -93.11 481 Mexico 363 Tuxtla Gutierrez
91%
24 30.44 -9.62 1,090 Morocco 398 Agadir
90%
12 -25.18 46.09 66 Madagascar 318 Ambovombe
90%
28 11.03 20.28 28 Chad 294 Am Timan
90%
17 -1.24 116.89 700 Indonesia 514 Balikpapan
90%
35 39.51 54.37 87 Turkmenistan 260 Balkanabat
90%
17 10.96 -74.8 2,000 Colombia 344 Barranquilla
90%
21 -1.45 -48.48 2,150 Brazil 1,129 Belém
90%
19 -24.87 152.35 70 Australia 294 Bundaberg
90%
8 -33.92 18.43 4,125 South Africa 1,261 Cape Town
90%
19 10.5 -66.92 3,700 Venezuela 1,025 Caracas
90%
17 28.2 112.97 4,450 China 292 Changsha
90%
11 9.53 -13.68 2,225 Guinea 706 Conakry
90%
20 16.07 108.22 752 Vietnam 493 Da Nang
90%
29 -17.82 31.04 2,325 Zimbabwe 975 Harare
90%
32 2.77 27.62 127 Democratic Republic of the Congo 345 Isiro
90%
25 6.99 19.19 56 Central African Republic 253 Kaga Bandoro
90%
23 24.87 66.99 24,300 Pakistan 1,101 Karachi
90%
25 -4.33 15.31 10,600 Democratic Republic of the Congo 1,781 Kinshasa
90%
28 53.21 63.62 210 Kazakhstan 258 Kostanay
90%
18 -10.17 123.61 282 Indonesia 722 Kupang
90%
13 52.95 -66.91 10 Canada 307 Labrador City
90%
18 60.15 -1.15 22 United Kingdom 339 Lerwick
90%
16 -14.92 13.49 102 Angola 259 Lubango
90%
22 -21.15 149.17 74 Australia 323 Mackay
90%
23 -14.66 17.69 32 Angola 264 Menongue
90%
24 49.63 100.16 27 Mongolia 292 Mörön
90%
14 70.92 -8.72 - Norway 647 Olonkinbyen
90%
16 35.71 -0.62 1,340 Algeria 350 Oran
90%
5 61.99 -49.67 1 Denmark 240 Paamiut
90%
20 9.74 118.74 222 Philippines 432 Puerto Princesa
90%
5 60.72 -46.03 3 Denmark 484 Qaqortoq
90%
14 -0.21 -78.5 2,550 Ecuador 272 Quito
90%
19 50.45 -104.62 176 Canada 232 Regina
90%
22 -23.38 150.51 61 Australia 249 Rockhampton
90%
18 22.4 -79.97 250 Cuba 240 Santa Clara
90%
20 -0.13 -67.09 15 Brazil 285 Sao Gabriel da Cachoeira
90%
16 -2.52 -44.27 1,410 Brazil 483 São Luís
90%
20 -18.01 -70.25 280 Peru 224 Tacna
90%
21 27.67 -8.15 45 Algeria 237 Tindouf
90%
23 47.74 96.84 16 Mongolia 272 Uliastay
90%
26 29.16 16.14 27 Libya 231 Waddan
90%
15 16.86 -99.89 652 Mexico 237 Acapulco
89%
21 -25.3 -57.64 2,200 Paraguay 825 Asunción
89%
26 -3.32 17.38 118 Democratic Republic of the Congo 248 Bandundu
89%
26 4.37 18.56 1,060 Central African Republic 783 Bangui
89%
16 21.17 -86.85 542 Mexico 288 Cancun
89%
21 -25.51 -54.61 320 Paraguay 305 Ciudad del Este
89%
16 -31.4 -64.18 1,620 Argentina 646 Córdoba
89%
16 53.55 -113.5 1,270 Canada 277 Edmonton
89%
13 14.61 -61.07 89 France 229 Fort-de-France
89%
23 12.65 54.02 8 Yemen 333 Hadibu
89%
29 55.75 49.13 1,220 Russia 292 Kazan
89%
13 -3.98 122.52 195 Indonesia 365 Kendari
89%
24 28.58 65.42 30 Pakistan 235 Kharan
89%
11 16.62 -11.4 40 Mauritania 230 Kiffa
89%
21 25.07 102.68 3,950 China 630 Kunming
89%
18 6.44 3.39 17,100 Nigeria 6,366 Lagos
89%
16 36.21 -115.22 2,075 United States 365 Las Vegas
89%
20 -4.22 -69.94 29 Colombia 371 Leticia
89%
28 53.42 59.05 413 Russia 247 Magnitogorsk
89%
6 4.17 73.51 103 Maldives 609 Male
89%
17 10.73 -71.66 2,475 Venezuela 519 Maracaibo
89%
14 16.62 -7.25 60 Mauritania 369 Nema
89%
17 53.15 140.72 27 Russia 385 Nikolayevsk-on-Amur
89%
22 65.01 25.47 128 Finland 400 Oulu
89%
22 -4.78 11.86 659 Republic of the Congo 383 Pointe-Noire
89%
15 18.54 -72.34 2,850 Haiti 257 Port-au-Prince
89%
14 53.92 -122.75 65 Canada 397 Prince George
89%
14 -32.95 -60.67 1,340 Argentina 278 Rosario
89%
14 18.47 -69.9 3,650 Dominican Republic 938 Santo Domingo
89%
18 52.12 -106.63 198 Canada 487 Saskatoon
89%
30 37.88 112.55 4,200 China 360 Taiyuan
89%
18 39.49 -0.4 1,930 Spain 298 Valencia
89%
11 62.46 -114.35 15 Canada 659 Yellowknife
89%
19 9.03 38.7 3,475 Ethiopia 987 Addis Ababa
88%
18 31.62 -2.22 143 Algeria 341 Bechar
88%
29 10.28 22.79 10 Central African Republic 286 Birao
88%
28 -0.28 20.88 32 Democratic Republic of the Congo 278 Boende
88%
15 13.1 -59.62 98 Barbados 339 Bridgetown
88%
30 2.79 24.73 50 Democratic Republic of the Congo 256 Buta
88%
18 18.51 -88.3 134 Mexico 276 Chetumal
88%
18 8.35 -62.64 746 Venezuela 522 Ciudad Guayana
88%
27 -6.8 39.27 5,300 Tanzania 2,453 Dar es Salaam
88%
18 -8.65 115.22 1,500 Indonesia 313 Denpasar
88%
16 32.63 -16.9 100 Portugal 463 Funchal
88%
19 6.77 47.43 61 Somalia 369 Gaalkacyo
88%
15 6.8 -58.16 235 Guyana 521 Georgetown
88%
22 20.05 110.32 1,800 China 370 Haikou
88%
34 27.52 41.69 267 Saudi Arabia 262 Hayil
88%
28 35.33 25.14 137 Greece 320 Heraklion
88%
23 52.3 104.3 586 Russia 522 Irkutsk
88%
11 -19.55 169.27 1 Vanuatu 224 Isangel
88%
25 -6.22 -57.75 1 Brazil 287 Jacareacanga
88%
15 22.79 86.2 1,540 India 221 Jamshedpur
88%
30 11.02 29.72 87 Sudan 232 Kadugli
88%
29 0.52 25.19 539 Democratic Republic of the Congo 606 Kisangani
88%
15 1.55 110.33 570 Malaysia 702 Kuching
88%
19 21.97 96.09 1,400 Myanmar 443 Mandalay
88%
27 0.05 18.26 184 Democratic Republic of the Congo 477 Mbandaka
88%
29 -6.15 23.6 1,860 Democratic Republic of the Congo 745 Mbuji-Mayi
88%
30 31.35 27.24 62 Egypt 258 Mersa Matruh
88%
14 6.31 -10.8 1,340 Liberia 359 Monrovia
88%
18 12.44 98.6 173 Myanmar 251 Myeik
88%
23 -1.28 36.82 5,200 Kenya 667 Nairobi
88%
31 12.11 15.05 1,210 Chad 710 N'Djamena
88%
8 -21.14 -175.2 22 Tonga 744 Nuku'alofa
88%
6 -31.96 115.84 2,075 Australia 2,729 Perth
88%
9 37.73 -25.67 20 Portugal 972 Ponta Delgada
88%
9 -34.73 135.87 13 Australia 244 Port Lincoln
88%
18 -11.01 -66.06 74 Bolivia 222 Riberalta
88%
20 -9.97 -67.81 257 Brazil 449 Rio Branco
88%
22 59.94 30.32 5,450 Russia 635 Saint Petersburg
88%
20 40.78 -111.93 2,300 United States 601 Salt Lake City
88%
17 48.97 140.29 29 Russia 251 Sovetskaya Gavan'
88%
16 -12.73 -69.18 38 Peru 314 Tambopata
88%
17 -8.12 -79.03 747 Peru 483 Trujillo
88%
24 26 63.04 75 Pakistan 269 Turbat
88%
21 23.36 104.25 450 China 242 Wenshan City
88%
7 -12.16 96.82 - Australia 985 West Island
88%
19 43.26 -2.93 354 Spain 245 Bilbao
87%
24 18.69 12.92 2 Niger 491 Bilma
87%
27 57.85 114.19 15 Russia 322 Bodaybo
87%
20 44.85 -0.6 1,010 France 437 Bordeaux
87%
16 -17.96 122.24 12 Australia 462 Broome
87%
31 53.25 34.37 427 Russia 238 Bryansk
87%
16 -4.88 -66.9 18 Brazil 296 Carauari
87%
13 18.79 98.98 200 Thailand 292 Chiang Mai
87%
19 -27.37 -70.33 129 Chile 295 Copiapo
87%
18 -18.22 127.67 1 Australia 294 Halls Creek
87%
16 -26.17 28.03 13,400 South Africa 4,483 Johannesburg
87%
7 14.45 -11.44 78 Mali 251 Kayes
87%
34 -1.95 30.06 1,000 Rwanda 376 Kigali
87%
41 -2.94 25.92 135 Democratic Republic of the Congo 328 Kindu
87%
25 29.65 91.1 118 China 353 Lhasa
87%
23 0.04 -51.07 338 Brazil 329 Macapa
87%
16 -15.72 46.32 154 Madagascar 376 Mahajanga
87%
31 9.53 31.66 160 South Sudan 386 Malakal
87%
31 36.35 43.15 1,470 Iraq 340 Mosul
87%
21 47.22 -1.55 277 France 273 Nantes
87%
10 -5.78 -35.24 1,370 Brazil 256 Natal
87%
39 42.45 59.61 230 Uzbekistan 502 Nukus
87%
13 45.52 -122.68 2,275 United States 229 Portland
87%
14 4.75 -6.64 196 Côte d'Ivoire 236 San-Pedro
87%
25 55.64 109.32 25 Russia 255 Severobaikalsk
87%
36 29.2 25.52 7 Egypt 286 Siwa Oasis
87%
23 27.71 68.86 417 Pakistan 260 Sukkur
87%
24 56.85 60.6 1,600 Russia 1,018 Yekaterinburg
87%
16 41.66 -0.88 674 Spain 244 Zaragoza
87%
25 34.75 113.67 4,675 China 441 Zhengzhou
87%
11 -18.92 47.52 2,225 Madagascar 1,610 Antananarivo
86%
26 32.11 20.07 650 Libya 652 Benghazi
86%
29 26.33 43.97 391 Saudi Arabia 330 Buraydah
86%
27 0.14 29.29 154 Democratic Republic of the Congo 246 Butembo
86%
28 -20.44 -54.65 729 Brazil 619 Campo Grande
86%
22 42.87 -106.31 55 United States 228 Casper
86%
25 52.03 113.5 308 Russia 405 Chita
86%
19 11.59 43.15 623 Djibouti 432 Djibouti
86%
17 -6.66 -69.87 17 Brazil 268 Eirunepe
86%
11 -3.75 -38.58 3,575 Brazil 627 Fortaleza
86%
29 37.11 79.94 114 China 395 Hotan
86%
15 15.36 75.13 1,050 India 372 Hubli
86%
27 56.85 53.2 631 Russia 223 Izhevsk
86%
19 26.92 75.81 3,525 India 239 Jaipur
86%
27 4.85 31.58 300 South Sudan 513 Juba
86%
29 0.32 32.58 3,025 Uganda 503 Kampala
86%
23 61.26 46.65 59 Russia 226 Kotlas
86%
31 44.85 65.51 300 Kazakhstan 435 Kyzylorda
86%
17 -12.78 45.23 54 France 345 Mamoudzou
86%
16 45.5 -73.58 4,100 Canada 405 Montréal
86%
22 30.22 67.02 1,180 Pakistan 426 Quetta
86%
24 29.63 52.57 1,710 Iran 350 Shiraz
86%
15 17.73 83.3 1,980 India 433 Vishakhapatnam
86%
15 30.58 114.27 8,000 China 567 Wuhan
86%
21 34.28 117.18 2,550 China 266 Xuzhou
86%
33 47.78 67.77 104 Kazakhstan 369 Zhezqazghan
86%
34 50.28 57.21 262 Kazakhstan 222 Aqtobe
85%
3 -36.85 174.76 1,470 New Zealand 2,161 Auckland
85%
11 42.33 -71.07 7,350 United States 299 Boston
85%
20 35.2 -80.83 2,275 United States 361 Charlotte
85%
25 11.46 26.13 264 Sudan 484 El Daein
85%
19 43.54 -5.66 277 Spain 222 Gijon
85%
32 52.43 30.98 480 Belarus 222 Gomel
85%
20 9.56 44.07 477 Somalia 245 Hargeisa
85%
16 -9.93 -76.24 147 Peru 248 Huanuco
85%
19 43.47 -112.03 56 United States 249 Idaho Falls
85%
32 21.52 39.22 4,225 Saudi Arabia 847 Jeddah
85%
11 1.48 124.85 451 Indonesia 513 Manado
85%
27 8.57 16.08 135 Chad 296 Moundou
85%
23 58 56.25 1,100 Russia 290 Perm
85%
14 17.67 75.9 1,030 India 236 Sholapur
85%
15 5.33 132.22 - Palau 274 Sonsorol Village
85%
14 0.79 127.38 101 Indonesia 255 Ternate
85%
16 -4.62 55.45 22 Seychelles 1,085 Victoria
85%
31 7.7 28 127 South Sudan 451 Wau
85%
12 60.72 -135.05 23 Canada 271 Whitehorse
85%
15 46.95 142.74 176 Russia 354 Yuzhno-Sakhalinsk
85%
16 5.32 -4.04 5,050 Côte d'Ivoire 832 Abidjan
84%
29 11.79 34.36 186 Sudan 238 Ad-Damazin
84%
26 36.23 37.17 2,125 Syria 313 Aleppo
84%
24 64.54 40.54 356 Russia 729 Arkhangel'sk
84%
15 -3.32 114.59 572 Indonesia 344 Banjarmasin
84%
17 20.27 85.83 1,730 India 357 Bhubaneswar
84%
22 -15.78 35.01 584 Malawi 239 Blantyre
84%
18 2.82 -60.67 235 Brazil 649 Boa Vista
84%
20 10.32 123.9 2,275 Philippines 570 Cebu
84%
21 30.72 76.78 2,025 India 231 Chandigarh
84%
18 -13.52 -71.97 312 Peru 321 Cusco
84%
22 11.13 39.63 136 Ethiopia 250 Dese
84%
19 9.59 41.87 252 Ethiopia 241 Dire Dawa
84%
25 9.3 13.4 436 Cameroon 282 Garoua
84%
28 13.45 22.45 162 Sudan 314 Geneina
84%
22 35.96 -83.92 178 United States 230 Knoxville
84%
12 -38 -57.56 553 Argentina 343 Mar del Plata
84%
18 46.54 -87.4 21 United States 230 Marquette
84%
28 36.71 67.11 303 Afghanistan 250 Mazar-e Sharif
84%
5 -37.82 144.98 4,400 Australia 708 Melbourne
84%
24 68.98 33.09 319 Russia 593 Murmansk
84%
16 28.68 115.88 3,675 China 262 Nanchang
84%
27 61.78 34.35 265 Russia 291 Petrozavodsk
84%
14 41.15 -8.62 1,190 Portugal 273 Porto
84%
19 15.35 44.21 2,475 Yemen 861 Sana'a
84%
10 12.58 -81.7 58 Colombia 321 San Andres
84%
29 -5.02 32.83 145 Tanzania 276 Tabora
84%
27 29.26 0.23 49 Algeria 351 Timimoun
84%
29 32.08 23.98 121 Libya 368 Tobruk
84%
21 16.21 52.18 10 Yemen 223 Al Ghayzah
83%
29 47.96 80.43 33 Kazakhstan 274 Ayagoz
83%
22 -19.84 34.84 530 Mozambique 449 Beira
83%
7 44.65 -63.57 359 Canada 641 Halifax
83%
30 18.44 1.41 11 Mali 285 Kidal
83%
11 67.83 -115.1 1 Canada 599 Kugluktuk
83%
17 20.97 -89.62 1,070 Mexico 627 Mérida
83%
18 -11.7 43.26 42 Comoros 245 Moroni
83%
18 44.58 129.6 665 China 256 Mudanjiang
83%
27 38.17 73.97 10 Tajikistan 225 Murghob
83%
22 12.37 -1.52 2,100 Burkina Faso 628 Ouagadougou
83%
21 25.62 85.13 2,475 India 232 Patna
83%
25 61.68 50.81 230 Russia 349 Syktyvkar
83%
17 3 131.12 - Palau 373 Tobi Village
83%
20 9.08 7.53 2,825 Nigeria 340 Abuja
82%
18 -12.28 49.29 82 Madagascar 497 Antsiranana
82%
21 -15.89 -52.26 52 Brazil 227 Barra do Garcas
82%
12 -27.46 153.04 2,900 Australia 738 Brisbane
82%
27 35.34 40.14 242 Syria 236 Deir ez-Zor
82%
21 16.27 -0.04 87 Mali 383 Gao
82%
30 39.45 75.98 274 China 343 Kashi
82%
33 -3.52 23.6 68 Democratic Republic of the Congo 265 Lodja
82%
21 -15.25 23.13 52 Zambia 408 Mongu
82%
21 25.39 97.39 90 Myanmar 273 Myitkyina
82%
17 21.17 79.09 3,025 India 422 Nagpur
82%
29 19.62 37.22 489 Sudan 296 Port Sudan
82%
17 -26.82 -65.22 781 Argentina 517 San Miguel de Tucuman
82%
24 58.37 45.52 29 Russia 225 Shar'ya
82%
11 1.29 103.86 6,900 Singapore 316 Singapore
82%
24 -7.97 31.62 89 Tanzania 226 Sumbawanga
82%
17 16.77 -3.01 32 Mali 282 Timbuktu
82%
19 16.97 7.99 124 Niger 366 Agadez
81%
22 -23.65 -70.4 309 Chile 521 Antofagasta
81%
18 21.22 81.43 2,550 India 243 Bhilai
81%
13 7.69 -5.03 567 Côte d'Ivoire 275 Bouake
81%
12 14.72 -17.47 3,300 Senegal 1,800 Dakar
81%
12 58.52 -117.14 3 Canada 252 High Level
81%
22 -20.22 -70.14 227 Chile 244 Iquique
81%
22 50.42 124.12 135 China 244 Jagdaqi
81%
22 36.67 117 3,950 China 273 Jinan
81%
20 26.86 80.91 3,325 India 415 Lucknow
81%
16 -5.14 119.43 1,780 Indonesia 775 Makassar
81%
17 4.41 114.01 228 Malaysia 286 Miri
81%
26 -4.04 39.69 1,120 Kenya 308 Mombasa
81%
33 -2.52 32.9 436 Tanzania 315 Mwanza
81%
13 65.28 -126.83 1 Canada 432 Norman Wells
81%
18 -7.25 112.75 4,700 Indonesia 573 Surabaya
81%
25 63.57 53.68 102 Russia 257 Ukhta
81%
12 -22.56 17.08 268 Namibia 1,141 Windhoek
81%
10 -34.93 138.6 1,300 Australia 655 Adelaide
80%
5 -45.58 -72.07 45 Chile 357 Coihaique
80%
11 58.81 -122.7 4 Canada 305 Fort Nelson
80%
10 20.67 -103.33 4,975 Mexico 459 Guadalajara
80%
17 21.99 100.73 62 China 248 Jinghong
80%
25 12 8.52 4,125 Nigeria 833 Kano
80%
13 3.17 101.7 7,000 Malaysia 1,006 Kuala Lumpur
80%
6 -51.7 -57.85 2 United Kingdom 726 Stanley
80%
0 -41.29 174.78 381 New Zealand 490 Wellington
80%
8 61.22 -149.9 291 United States 2,134 Anchorage
79%
15 20.52 -13.05 24 Mauritania 251 Atar
79%
15 9.52 138.12 7 Federated States of Micronesia 467 Colonia
79%
13 66.32 -179.12 2 Russia 235 Egvekinot
79%
12 60 -111.89 2 Canada 234 Fort Smith
79%
1 21.31 -157.86 1,000 United States 3,852 Honolulu
79%
23 6.28 -75.58 3,800 Colombia 248 Medellín
79%
2 3.91 -159.39 - Kiribati 297 Napari Village
79%
15 -8.38 -74.55 310 Peru 413 Pucallpa
79%
30 48.01 70.79 13 Kazakhstan 227 Qarazhal
79%
19 -17.88 36.89 188 Mozambique 306 Quelimane
79%
14 16.52 80.63 1,760 India 248 Vijayawada
79%
16 43.11 131.87 587 Russia 245 Vladivostok
79%
12 -22.96 14.51 52 Namibia 268 Walvis Bay
79%
10 64.73 177.51 10 Russia 1,492 Anadyr
78%
26 4.74 45.2 55 Somalia 248 Beledweyne
78%
11 -3.8 102.27 309 Indonesia 285 Bengkulu
78%
27 4.58 13.68 218 Cameroon 253 Bertoua
78%
14 -10.42 105.68 - Australia 391 Flying Fish Cove
78%
21 8.25 34.58 42 Ethiopia 256 Gambela
78%
26 -0.45 39.65 67 Kenya 293 Garissa
78%
14 17.4 78.48 9,000 India 500 Hyderabad
78%
12 58.3 -134.42 31 United States 872 Juneau
78%
25 -13.98 33.78 1,070 Malawi 515 Lilongwe
78%
12 -26.65 15.16 15 Namibia 296 Luderitz
78%
12 46.81 -71.21 528 Canada 233 Quebec
78%
18 9.4 -0.84 360 Ghana 312 Tamale
78%
24 -19.65 134.19 3 Australia 449 Tennant Creek
78%
14 54.52 -128.6 19 Canada 387 Terrace
78%
23 65.44 52.15 5 Russia 221 Ust-Tsilma
78%
25 1.75 40.06 45 Kenya 247 Wajir
78%
15 -19.92 -43.92 4,925 Brazil 340 Belo Horizonte
77%
20 28.64 -106.09 809 Mexico 340 Chihuahua
77%
26 33.5 36.3 3,475 Syria 612 Damascus
77%
22 49.2 119.7 211 China 366 Hailar
77%
29 -5.04 18.82 186 Democratic Republic of the Congo 267 Kikwit
77%
32 58.31 82.91 27 Russia 224 Kolpashevo
77%
11 7.34 134.47 14 Palau 876 Koror State
77%
21 18.55 31.85 19 Sudan 232 Kuraymah
77%
18 -8.84 13.23 6,800 Angola 549 Luanda
77%
27 55.03 82.96 1,650 Russia 1,291 Novosibirsk
77%
27 54.99 73.4 1,180 Russia 611 Omsk
77%
22 31.9 54.37 477 Iran 266 Yazd
77%
31 41.11 80.27 340 China 364 Yingbazha
77%
24 17.7 33.99 107 Sudan 278 Atbara
76%
24 4.26 15.79 61 Central African Republic 236 Berberati
76%
27 44.67 102.17 27 Mongolia 506 Hovd
76%
22 2.07 45.37 1,720 Somalia 1,021 Mogadishu
76%
11 -2.98 104.75 1,690 Indonesia 421 Palembang
76%
12 22.72 -12.45 38 Mauritania 374 Zouerat
76%
32 50.25 66.92 42 Kazakhstan 281 Arkalyk
75%
12 12.65 -8 2,950 Mali 920 Bamako
75%
15 4.93 -52.33 61 France 330 Cayenne
75%
28 -6.17 35.74 180 Tanzania 224 Dodoma
75%
26 12.87 11.05 125 Nigeria 246 Gashua
75%
6 -42.88 147.33 216 Australia 582 Hobart
75%
19 23.18 79.96 1,390 India 239 Jabalpur
75%
24 58.6 49.66 457 Russia 287 Kirov
75%
24 62.89 27.68 89 Finland 237 Kuopio
75%
12 -15.52 167.16 13 Vanuatu 274 Luganville
75%
26 12.25 109.19 283 Vietnam 296 Nha Trang
75%
20 4.81 7.01 2,075 Nigeria 310 Port Harcourt
75%
22 62.82 -92.08 2 Canada 853 Rankin Inlet
75%
11 38.29 141.02 1,490 Japan 310 Sendai
75%
27 49.97 82.61 319 Kazakhstan 385 Ust-Kamenogorsk
75%
22 11.59 37.39 168 Ethiopia 309 Bahir Dar
74%
12 11.86 -15.6 388 Guinea-Bissau 331 Bissau
74%
13 -29.87 30.98 3,225 South Africa 501 Durban
74%
19 -1.63 13.58 42 Gabon 286 Franceville
74%
14 5.41 100.33 1,550 Malaysia 275 George Town
74%
16 -14.07 -75.73 246 Peru 228 Ica
74%
10 18.09 -15.98 1,060 Mauritania 405 Nouakchott
74%
22 53.76 87.11 539 Russia 226 Novokuznetsk
74%
22 65.15 57.22 46 Russia 245 Pechora
74%
12 -30.56 136.9 4 Australia 228 Roxby Downs
74%
29 33.6 56.92 49 Iran 228 Tabas
74%
19 -14.83 -64.9 84 Bolivia 313 Trinidad
74%
26 51.83 107.61 360 Russia 232 Ulan-Ude
74%
17 5.55 -0.22 4,575 Ghana 411 Accra
73%
22 -3.2 -52.21 70 Brazil 288 Altamira
73%
15 23.68 -15.96 75 Morocco 474 Dakhla
73%
18 -12.46 130.84 129 Australia 720 Darwin
73%
26 -6.48 16.82 20 Democratic Republic of the Congo 230 Kasongo-Lunda
73%
19 13.14 123.73 179 Philippines 245 Legaspi
73%
18 -23.31 -51.16 471 Brazil 299 Londrina
73%
9 -16.17 49.77 41 Madagascar 222 Mananara
73%
17 -16.74 -43.86 332 Brazil 336 Montes Claros
73%
15 -20.31 118.61 15 Australia 1,021 Port Hedland
73%
10 -26.57 148.79 5 Australia 255 Roma
73%
22 -18.92 -48.28 563 Brazil 254 Uberlandia
73%
24 43.97 116.03 120 China 303 Xilin Hot
73%
17 6.91 122.07 457 Philippines 263 Zamboanga
73%
24 61.68 96.38 3 Russia 231 Baykit
71%
19 7.13 -73.13 1,130 Colombia 286 Bucaramanga
71%
8 16.15 -13.5 55 Mauritania 263 Kaedi
71%
30 62.54 113.96 40 Russia 787 Mirny
71%
26 60.37 120.42 8 Russia 303 Olyokminsk
71%
11 -9.44 147.18 283 Papua New Guinea 2,086 Port Moresby
71%
23 5.66 -67.62 52 Venezuela 246 Puerto Ayacucho
71%
23 58.61 125.4 24 Russia 221 Aldan
70%
11 24.81 -107.4 582 Mexico 409 Culiacan
70%
14 -10.45 161.92 1 Solomon Islands 229 Kirakira
70%
25 13.52 2.12 1,120 Niger 414 Niamey
70%
11 20.93 -17.03 72 Mauritania 324 Nouadhibou
70%
16 48.1 -77.78 31 Canada 235 Val-d'Or
70%
24 46.85 75 81 Kazakhstan 305 Balkhash
69%
17 41.8 129.78 327 North Korea 225 Chongjin
69%
17 -29.95 -71.34 161 Chile 320 Coquimbo
69%
27 49.03 104.08 79 Mongolia 241 Erdenet
69%
17 -18.85 -41.95 250 Brazil 222 Governador Valadares
69%
27 2.77 32.3 146 Uganda 243 Gulu
69%
15 6.13 102.24 1,459 Malaysia 225 Kota Bharu
69%
11 -23.36 119.74 5 Australia 356 Newman
69%
17 59.36 143.21 5 Russia 430 Okhotsk
69%
19 64.28 100.22 5 Russia 559 Tura
69%
14 -20.32 -40.37 1,790 Brazil 373 Vitória
69%
17 32.02 112.13 1,560 China 258 Xiangyang
69%
15 -12.15 -44.99 158 Brazil 425 Barreiras
68%
6 -35.28 149.13 367 Australia 241 Canberra
68%
13 56.73 -111.38 76 Canada 377 Fort McMurray
68%
13 -2.53 140.72 134 Indonesia 1,046 Jayapura
68%
32 55.45 78.32 48 Russia 296 Kuybyshev
68%
20 -12.36 13.54 207 Angola 243 Lobito
68%
21 -1.4 5.63 4 Equatorial Guinea 227 Pale
68%
11 -17.73 168.32 35 Vanuatu 539 Port Vila
68%
7 13.77 -13.67 78 Senegal 267 Tambacounda
68%
17 35.1 129.01 4,275 South Korea 328 Busan
67%
12 -7.63 -72.67 79 Brazil 223 Cruzeiro do Sul
67%
14 68.63 -95.88 1 Canada 670 Gjoa Haven
67%
9 10.39 -9.31 114 Guinea 288 Kankan
67%
28 49.83 73.17 451 Kazakhstan 574 Karagandy
67%
22 -0.36 42.55 234 Somalia 408 Kismayo
67%
14 -38.95 -68.06 242 Argentina 503 Neuquen
67%
23 69.35 88.2 140 Russia 1,082 Noril'sk
67%
16 -5.62 132.79 39 Indonesia 391 Tual
67%
16 56.46 138.18 1 Russia 265 Ayan
66%
13 -33.02 27.91 478 South Africa 239 East London
66%
14 -14.22 -42.78 58 Brazil 221 Guanambi
66%
14 22.72 75.87 2,775 India 338 Indore
66%
13 46.87 -113.99 66 United States 261 Missoula
66%
8 -35 117.87 33 Australia 276 Albany
65%
4 -7.93 -14.42 - United Kingdom 1,296 Georgetown
65%
23 0.39 9.45 578 Gabon 405 Libreville
65%
23 3.52 39.05 34 Kenya 225 Moyale
65%
10 -33.97 25.6 1,210 South Africa 662 Port Elizabeth
65%
15 -1.18 136.08 4 Indonesia 225 Biak
64%
12 -21.57 21.78 9 Botswana 244 Ghanzi
64%
10 -24 21.78 4 Botswana 237 Hukuntsi
64%
23 -14.47 132.26 5 Australia 259 Katherine
64%
19 26.87 100.22 1,137 China 316 Lijiang
64%
16 -0.87 134.08 53 Indonesia 314 Manokwari
64%
24 63.28 118.33 9 Russia 237 Nyurba
64%
6 -19.68 63.42 6 Mauritius 596 Port Mathurin
64%
25 -3.37 36.68 341 Tanzania 230 Arusha
63%
21 56.13 101.61 256 Russia 461 Bratsk
63%
1 -43.53 172.63 363 New Zealand 305 Christchurch
63%
8 -33.86 121.88 7 Australia 347 Esperance
63%
20 -1.87 11.06 22 Gabon 242 Mouila
63%
6 14.93 -23.51 113 Cape Verde 650 Praia
63%
9 -33.3 -66.34 183 Argentina 236 San Luis
63%
21 0.34 6.73 53 São Tomé and Príncipe 256 Sao Tome
63%
10 -38.72 -62.27 276 Argentina 419 Bahia Blanca
62%
18 3.85 47.18 26 Somalia 220 Ceeldheer
61%
15 -5.86 144.23 33 Papua New Guinea 319 Mount Hagen
61%
14 53.04 158.65 187 Russia 1,512 Petropavlovsk-Kamchatsky
61%
12 43.07 141.34 2,500 Japan 831 Sapporo
61%
11 -6.97 110.42 2,050 Indonesia 259 Semarang
61%
10 -40.81 -63 48 Argentina 229 Viedma
61%
16 60.06 -128.71 1 Canada 357 Watson Lake
61%
15 -3.55 143.63 18 Papua New Guinea 263 Wewak
61%
10 71.29 -156.79 4 United States 807 Barrow
60%
20 43.61 -116.2 145 United States 459 Boise
60%
3 -0.3 73.42 11 Maldives 494 Fuvahmulah
60%
29 58.24 92.48 65 Russia 229 Lesosibirsk
60%
8 64.5 -165.41 3 United States 453 Nome
60%
27 52.27 77 329 Kazakhstan 382 Pavlodar
60%
11 -12.97 -38.48 3,650 Brazil 667 Salvador
60%
9 55.34 -160.5 - United States 364 Sand Point
60%
10 -10.32 150.46 10 Papua New Guinea 298 Alotau
59%
25 65.93 111.48 15 Russia 397 Aykhal
59%
24 4.06 9.71 2,825 Cameroon 605 Douala
59%
9 10.57 72.64 10 India 326 Kavaratti
59%
17 -10.27 40.18 96 Tanzania 301 Mtwara
59%
11 -29.66 17.89 10 South Africa 229 Springbok
59%
3 -18.14 178.44 77 Fiji 1,332 Suva
59%
20 14.54 49.12 258 Yemen 483 Al Mukalla
58%
17 -25.42 -49.32 3,275 Brazil 342 Curitiba
58%
12 -9.08 143.21 15 Papua New Guinea 324 Daru
58%
15 -8.56 125.57 150 East Timor 280 Dili
58%
16 59.56 150.8 95 Russia 872 Magadan
58%
15 7.45 151.85 13 Federated States of Micronesia 1,016 Weno
58%
9 -29.12 26.21 463 South Africa 319 Bloemfontein
57%
9 -33.96 22.46 174 South Africa 272 George
57%
6 -30.75 121.47 31 Australia 542 Kalgoorlie
57%
8 70.22 -150.98 3 United States 244 Nuiqsut
57%
8 64.18 -51.72 14 Denmark 1,437 Nuuk
57%
9 -26.58 18.13 15 Namibia 371 Keetmanshoop
56%
7 16.89 -24.98 70 Cape Verde 267 Mindelo
56%
12 -28.45 21.26 71 South Africa 344 Upington
56%
2 -45.87 170.5 114 New Zealand 310 Dunedin
55%
9 61.53 -166.1 1 United States 247 Hooper Bay
55%
8 66.9 -162.6 3 United States 296 Kotzebue
55%
21 -15.78 128.74 5 Australia 405 Kununurra
55%
26 63.19 75.44 110 Russia 240 Noyabrsk
55%
3 -20.16 57.5 155 Mauritius 880 Port Louis
55%
14 40.59 -122.39 89 United States 224 Redding
55%
26 56.01 92.87 1,090 Russia 634 Krasnoyarsk
54%
16 78.22 15.65 2 Norway 860 Longyearbyen
54%
26 66.08 76.63 94 Russia 327 Novyy Urengoy
54%
12 0.56 101.43 1,180 Indonesia 282 Pekanbaru
54%
25 56.79 105.77 48 Russia 230 Ust'-Kut
54%
17 -3.7 128.18 355 Indonesia 682 Ambon
53%
13 7.11 125.63 1,340 Philippines 402 Davao
53%
10 -10.72 165.83 - Solomon Islands 396 Lata
53%
10 -36.72 -73.12 252 Chile 415 Talcahuano
53%
12 -14.87 -40.84 253 Brazil 327 Vitória da Conquista
53%
18 62.03 129.73 235 Russia 1,353 Yakutsk
53%
13 -6.72 146.98 76 Papua New Guinea 301 Lae
52%
7 60.79 -161.76 6 United States 573 Bethel
51%
17 -3.36 135.5 43 Indonesia 317 Nabire
51%
15 5.87 -55.17 223 Suriname 346 Paramaribo
51%
10 69.7 170.3 4 Russia 240 Pevek
51%
23 53.72 91.43 167 Russia 271 Abakan
50%
13 68.75 161.33 3 Russia 223 Cherskiy
50%
14 -2.22 -79.92 3,000 Ecuador 994 Guayaquil
50%
14 -9.43 159.95 56 Solomon Islands 1,402 Honiara
50%
23 13.06 5.24 563 Nigeria 342 Sokoto
50%
9 64.84 -147.72 31 United States 418 Fairbanks
49%
13 68.35 -133.72 3 Canada 709 Inuvik
49%
22 9.71 1.67 237 Benin 277 Djougou
48%
6 72.79 -56.15 1 Denmark 274 Upernavik
48%
25 47.85 88.13 139 China 426 Altay
47%
6 -21.21 -159.78 13 New Zealand 1,139 Avarua
47%
8 64.06 -139.43 1 Canada 284 Dawson City
47%
24 61.25 73.42 300 Russia 640 Surgut
47%
12 11.18 -4.3 360 Burkina Faso 328 Bobo-Dioulasso
46%
16 -8.1 156.84 6 Solomon Islands 253 Gizo
46%
17 -6.12 141.29 11 Papua New Guinea 261 Kiunga
46%
15 -2.02 147.27 5 Papua New Guinea 390 Lorengau
46%
12 3.58 98.65 3,425 Indonesia 342 Medan
46%
12 59.08 159.96 3 Russia 312 Palana
46%
9 -38.74 -72.6 238 Chile 228 Temuco
46%
6 53.89 -166.54 4 United States 820 Dutch Harbor
44%
9 -8.52 179.19 4 Tuvalu 873 Funafuti
44%
11 -6.21 155.54 40 Papua New Guinea 603 Arawa
43%
9 -3.84 -32.41 3 Brazil 370 Fernando de Noronha (Distrito Estadual)
43%
23 48.01 91.64 30 Mongolia 262 Khovd
43%
10 6.96 158.21 6 Federated States of Micronesia 561 Kolonia
43%
4 -20.88 55.45 137 France 228 Saint-Denis
43%
24 61.28 108.02 2 Russia 302 Yerbogachen
43%
1 -13.83 -171.77 40 Samoa 1,151 Apia
42%
21 60.35 102.28 3 Russia 254 Vanavara
42%
18 66.77 123.37 3 Russia 321 Zhigansk
42%
15 9.77 140.52 - Federated States of Micronesia 264 Fais
41%
25 51.71 94.45 108 Russia 302 Kyzyl
41%
17 14.48 -4.18 108 Mali 366 Mopti
41%
9 -36.62 -64.28 111 Argentina 293 Santa Rosa
41%
10 -12.62 141.88 2 Australia 418 Weipa
41%
16 73.51 80.53 1 Russia 499 Dikson
40%
20 71.98 102.47 3 Russia 586 Khatanga
40%
7 -41.47 -72.94 160 Chile 304 Puerto Montt
40%
7 -24.88 113.66 7 Australia 442 Carnarvon
39%
20 68.5 112.45 2 Russia 231 Olenyok
39%
7 1.33 172.98 40 Kiribati 1,871 Tarawa
39%
17 67.46 153.7 3 Russia 228 Srednekolymsk
38%
7 -0.53 166.91 2 Nauru 700 Arijejen
36%
8 68.05 166.44 5 Russia 616 Bilibino
36%
15 56.32 160.85 10 Russia 382 Klyuchi
35%
4 -45.86 -67.5 140 Argentina 656 Comodoro Rivadavia
34%
18 -8.5 119.89 188 Indonesia 374 Labuhanbajo
34%
12 64.42 -173.23 2 Russia 376 Provideniya
33%
6 63.75 -68.51 6 Canada 821 Iqaluit
32%
9 5.32 163.01 9 Federated States of Micronesia 647 Tofol
32%
7 -43.25 -65.31 93 Argentina 338 Trelew
32%
1 7.09 171.38 25 Marshall Islands 661 Majuro
31%
14 62.52 155.79 4 Russia 359 Omsukchan
31%
17 -0.88 131.26 125 Indonesia 462 Sorong
31%
19 54.72 135.32 1 Russia 267 Chumikan
30%
12 -2.57 150.8 14 Papua New Guinea 255 Kavieng
30%
5 -54.8 -68.3 58 Argentina 250 Ushuaia
30%
7 57.79 -152.41 6 United States 299 Kodiak
29%
5 -13.28 -176.17 1 France 383 Mata-Utu
29%
14 71.69 128.86 5 Russia 875 Tiksi
29%
3 -15.95 -173.8 - Tonga 284 Hihifo
28%
6 6.62 73.07 9 Maldives 274 Kulhudhuffushi
28%
3 -18.65 -173.98 4 Tonga 303 Neiafu
28%
4 -14.29 -178.17 - France 242 Sigave
28%
2 -8.54 -172.52 - New Zealand 543 Atafu Village
27%
7 -34.19 142.16 30 Australia 327 Mildura
27%
6 -53.15 -70.91 117 Chile 847 Punta Arenas
27%
14 70.62 147.9 2 Russia 336 Chokurdakh
26%
5 -31.96 141.46 18 Australia 255 Broken Hill
25%
14 -24.65 25.91 208 Botswana 245 Gaborone
25%
2 19.73 -155.09 43 United States 337 Hilo
25%
3 5.92 169.64 1 Marshall Islands 231 Jabor
25%
9 -4.35 152.26 26 Papua New Guinea 417 Kokopo
25%
3 -19.06 -169.92 - New Zealand 430 Alofi
24%
1 2.02 -157.49 1 Kiribati 1,895 Tabwakea Village
23%
16 67.66 134.64 4 Russia 502 Batagay
22%
11 -11.3 -41.86 63 Brazil 257 Irece
21%
15 64.57 143.24 9 Russia 682 Ust-Nera
21%
2 -31.5 145.84 4 Australia 241 Cobar
20%
11 69.31 139.98 3 Russia 285 Deputatsky
20%
0 -37.07 -12.31 - United Kingdom 2,429 Edinburgh of the Seven Seas
20%
4 -23.12 -134.97 1 France 1,536 Rikitea
19%
1 -17.55 -149.6 29 France 2,409 Faaa
18%
12 -5.55 150.14 18 Papua New Guinea 269 Kimbe
18%
13 -12.19 136.78 3 Australia 550 Nhulunbuy
18%
4 15.21 145.75 48 United States 2,039 Saipan
18%
4 -9.8 -139.03 1 France 1,401 Atuona
17%
13 68.54 146.19 2 Russia 241 Belaya Gora
17%
5 -16.6 59.66 - Mauritius 431 Cargados Carajos
16%
1 -25.07 -130.1 - United Kingdom 539 Adamstown
15%
17 71.96 114.09 1 Russia 390 Saskylakh
15%
16 62.78 148.15 7 Russia 314 Susuman
15%
0 -27.11 -109.35 4 Chile 3,530 Hanga Roa
14%
0 -15.94 -5.72 - United Kingdom 1,917 Jamestown
14%
0 -77.85 166.68 1 United States 3,482 McMurdo Station
14%
7 66.94 -53.67 5 Denmark 320 Sisimiut
14%
3 70.47 -68.59 1 Canada 496 Clyde River
12%
6 59.04 -158.46 2 United States 268 Dillingham
12%
5 69.22 -51.1 4 Denmark 275 Ilulissat
12%
0 -54.28 -36.51 - United Kingdom 1,455 Grytviken
11%
3 -22.45 -151.34 1 France 553 Moerai
11%
3 -16.51 -151.75 4 France 256 Vaitape
11%
14 65.73 150.89 3 Russia 355 Zyryanka
11%
0 -49.35 70.22 - France 3,345 Port-aux-Francais
10%
3 -28.78 114.61 26 Australia 371 Geraldton
9%
0 -43.95 -176.56 - New Zealand 684 Waitangi
9%
1 8.77 167.74 15 Marshall Islands 442 Ebaye
8%
4 65.61 -37.64 1 Denmark 662 Tasiilaq
7%
2 66.15 -65.71 1 Canada 297 Pangnirtung
4%
0 9.45 170.24 - Marshall Islands 284 Wotje
1%
No matching quizzes found
Score Distribution
Percent of People with Each Score
Percentile by Number Answered
Your Score History
You have not taken this quiz